Campeones del mundo de Ajedrez - Estadísticas

Estadísticas generales
  • Esta prueba ha sido intentada 21 veces
  • La puntuación promedio es 34 de 54
Estadísticas de respuestas
Año Lugar Ganador Retador % Correcto
1985 Moscú (Unión Soviética) Garri Kaspárov Anatoli Kárpov
94%
1986 Londres y Leningrado (Reino Unido, Unión Soviética) Garri Kaspárov Anatoli Kárpov
94%
1987 Sevilla (España) Garri Kaspárov Anatoli Kárpov
94%
1990 Nueva York y Lyon (Estados Unidos, Francia) Garri Kaspárov Anatoli Kárpov
94%
1975 Manila (Filipinas) Anatoli Kárpov Bobby Fischer (No se presento)
89%
1978 Baguio (Filipinas) Anatoli Kárpov Víktor Korchnói
89%
1981 Merano (Italia) Anatoli Kárpov Víktor Korchnói
89%
1984 Moscú (Unión Soviética) Anatoli Kárpov Garri Kaspárov
89%
1993 Zwolle, Arnhem, Ámsterdam y Yakarta (Países Bajos e Indonesia) Anatoli Kárpov Jan Timman
89%
1996 Elistá (Rusia) Anatoli Kárpov Gata Kamsky
89%
1998 Groniga y Lausana (Países Bajos, Suiza) Anatoli Kárpov Viswanathan Anand
89%
1972 Reikiavik (Islandia) Bobby Fischer Borís Spasski
83%
1921 La Habana (Cuba) José Raúl Capablanca Emanuel Lasker
83%
2013 Madrás (India) Magnus Carlsen Viswanathan Anand
83%
2014 Sochi (Rusia) Magnus Carlsen Viswanathan Anand
83%
2016 Nueva York (Estados Unidos) Magnus Carlsen Serguéi Kariakin
83%
2018 Londres (Reino Unido) Magnus Carlsen Fabiano Caruana
83%
2021 Dubái (Emiratos Árabes Unidos) Magnus Carlsen Yan Nepómniashchi
83%
2023 Astaná (Kazajistán) Ding Liren Yan Nepómniashchi
67%
2000 Nueva Delhi, Teherán (India, Irán) Viswanathan Anand Alexéi Shírov
67%
2007 Ciudad de México (México) Viswanathan Anand Vladímir Krámnik, Borís Gélfrand, Peter Leko, Peter Svidler, Aleksandr Morozévich, Levon Aronian y Aleksandr Grischuk
67%
2008 Bonn (Alemania) Viswanathan Anand Vladímir Krámnik
67%
2010 Sofía (Bulgaria) Viswanathan Anand Veselin Topalov
67%
2012 Moscú (Rusia) Viswanathan Anand Borís Gélfrand
67%
1969 Moscú (Unión Soviética) Borís Spasski Tigrán Petrosián
61%
1960 Moscú (Unión Soviética) Mijaíl Tal Mijaíl Botvínnik
61%
1927 Buenos Aires (Argentina) Alexander Alekhine José Raúl Capablanca
56%
1929 Wiesbaden, Heidelberg, Berlín, La Haya (Republica de Weimar y Países Bajos) Alexander Alekhine Efim Bogoljubov
56%
1934 Baden-Baden, Villingen-Schwenningen, Friburgo de Brisgovia, Pforzheim, Stuttgart, Múnich, Bayreuth Bad Kissingen, Mannheim y Berlín (Alemania Nazi) Alexander Alekhine Efim Bogoljubov
56%
1937 La Haya, Róterdam, Ámsterdam, Haarlem, Leiden, Groninga y Delft (Países Bajos) Alexander Alekhine Max Euwe
56%
1894 Nueva York, Filadelfia y Montreal (Estados Unidos y colonia de Canadá) Emanuel Lasker Wilhelm Steinitz
56%
1897 Moscú (Imperio ruso) Emanuel Lasker Wilhelm Steinitz
56%
1907 Nueva York, Filadelfia, Washington, D. C., Baltimore, Chicago y Memphis (Estados Unidos) Emanuel Lasker Frank Marshall
56%
1908 Düsseldorf, Múnich (Imperio Alemán) Emanuel Lasker Siegbert Tarrasch
56%
1910 Viena, Berlín (Imperio Austrohúngaro e Imperio Alemán) Emanuel Lasker Carl Schlechter
56%
1910 Berlín (Imperio Alemán) Emanuel Lasker Dawid Janowski
56%
1886 Nueva York, San Luis y Nueva Orleans (Estados Unidos) Wilhelm Steinitz Johannes Zukertort
56%
1889 La Habana (Imperio español) Wilhelm Steinitz Mijaíl Chigorin
56%
1891 Nueva York (Estados Unidos) Wilhelm Steinitz Isidor Gunsberg
56%
1892 La Habana (Imperio español) Wilhelm Steinitz Mijaíl Chigorin
56%
1948 La Haya, Moscú (Países Bajos, Unión Soviética) Mijaíl Botvínnik Vasili Smyslov, Paul Keres y Samuel Reshevsky
50%
1951 Moscú (Unión Soviética) Mijaíl Botvínnik David Bronstein
50%
1954 Moscú (Unión Soviética) Mijaíl Botvínnik Vasili Smylov
50%
1958 Moscú (Unión Soviética) Mijaíl Botvínnik Vasili Smylov
50%
1961 Moscú (Unión Soviética) Mijaíl Botvínnik Mijaíl Tal
50%
1963 Moscú (Unión Soviética) Tigrán Petrosián Mijaíl Botvínnik
50%
1966 Moscú (Unión Soviética) Tigrán Petrosián Borís Spasski
50%
1935 Ámsterdam, Delft, Róterdam, Utrecht, Gouda, La Haya, Groninga, Baarn, 's Hertogenbosch, Eindhoven, Zeist, Ermelo y Zandvoort (Países Bajos) Max Euwe Alexander Alekhine
44%
2005 Portero de los Funes (Argentina) Veselin Topalov Viswanathan Anand, Peter Svidler, Aleksandr Morozévich, Peter Leko, Rustam Kasimdzhanov, Michael Adams y Judit Polgár
44%
2006 Elistá (Rusia) Vladímir Krámnik Veselin Topalov
44%
1957 Moscú (Unión Soviética) Vasili Smyslov Mijaíl Botvínnik
17%
2002 Moscú (Rusia) Ruslán Ponomariov Vasili Ivanchuk
11%
2004 Trípoli (Libia) Rustam Kasimdzhanov Michael Adams
11%
1999 Las Vegas (Estados Unidos) Aleksandr Jálifman Vladímir Akopián
0%
No se encontraron pruebas coincidentes
Distribución de puntuación
Porcentaje de gente con cada puntuación
Porcentaje por número respondido
Historial de tus puntuaciones
No has intentado esta prueba.